| 000 -LEADER |
| fixed length control field |
00857nam a2200229Ia 4500 |
| 001 - CONTROL NUMBER |
| control field |
16934 |
| 003 - CONTROL NUMBER IDENTIFIER |
| control field |
GE_BSU |
| 008 - FIXED-LENGTH DATA ELEMENTS--GENERAL INFORMATION |
| fixed length control field |
181216s||||||||xx |||||||||||||| ||und|| |
| 040 ## - CATALOGING SOURCE |
| Transcribing agency |
GE_BSU |
| 080 ## - UNIVERSAL DECIMAL CLASSIFICATION NUMBER |
| Universal Decimal Classification number |
821.353.1-1 |
| 100 ## - MAIN ENTRY--PERSONAL NAME |
| Personal name |
დარასელი, ვანიონ |
| 245 ## - TITLE STATEMENT |
| Title |
ომისა და მშვიდობის დღეებში |
| 245 ## - TITLE STATEMENT |
| Remainder of title |
პოეზია, პროზა, დრამატურგია |
| 245 ## - TITLE STATEMENT |
| Statement of responsibility, etc. |
რედ.ბ.თათარაშვილი |
| 260 ## - PUBLICATION, DISTRIBUTION, ETC. |
| Place of publication, distribution, etc. |
თბილისი |
| 260 ## - PUBLICATION, DISTRIBUTION, ETC. |
| Name of publisher, distributor, etc. |
ნაკადული, |
| 260 ## - PUBLICATION, DISTRIBUTION, ETC. |
| Date of publication, distribution, etc. |
1964 |
| 300 ## - PHYSICAL DESCRIPTION |
| Extent |
264გვ. : 1ფ. პორტრ. ; 21სმ. |
| 653 ## - INDEX TERM--UNCONTROLLED |
| Uncontrolled term |
ომისა და მშვიდობის დღეებში |
| 653 ## - INDEX TERM--UNCONTROLLED |
| Uncontrolled term |
პოეზია, პროზა, დრამატურგია |
| 942 ## - ADDED ENTRY ELEMENTS (KOHA) |
| Koha item type |
წიგნი |